Journalism A Guide to the Reference L (Record no. 157)

MARC details
000 -LEADER
fixed length control field 00455nam a22001817a 4500
003 - CONTROL NUMBER IDENTIFIER
control field OSt
005 - DATE AND TIME OF LATEST TRANSACTION
control field 20210823103638.0
008 - FIXED-LENGTH DATA ELEMENTS--GENERAL INFORMATION
fixed length control field 210823b |||||||| |||| 00| 0 eng d
020 ## - INTERNATIONAL STANDARD BOOK NUMBER
International Standard Book Number 1563083744
040 ## - CATALOGING SOURCE
Transcribing agency HU
082 ## - DEWEY DECIMAL CLASSIFICATION NUMBER
Edition number 2nd
Classification number 070.4/CAT/1997
100 ## - MAIN ENTRY--PERSONAL NAME
Personal name Cates Jo A.
9 (RLIN) 146
245 ## - TITLE STATEMENT
Title Journalism A Guide to the Reference L
250 ## - EDITION STATEMENT
Edition statement 2nd
260 ## - PUBLICATION, DISTRIBUTION, ETC.
Place of publication, distribution, etc. Englewood Colorado
Name of publisher, distributor, etc. Libraris Unlimited, Inc.
Date of publication, distribution, etc. 1997
300 ## - PHYSICAL DESCRIPTION
Extent 317
942 ## - ADDED ENTRY ELEMENTS (KOHA)
Source of classification or shelving scheme Dewey Decimal Classification
Koha item type Books like text book referance book
Suppress in OPAC No
Holdings
Withdrawn status Lost status Source of classification or shelving scheme Damaged status Not for loan Home library Current library Date acquired Total Checkouts Full call number Barcode Date last seen Copy number Price effective from Koha item type Shelving location
    Dewey Decimal Classification     Natural & Computational Science Library Natural & Computational Science Library 08/23/2021   070.4/CAT/1997 NSCLIB0000129 08/23/2021 8 08/23/2021 Books like text book referance book  
    Dewey Decimal Classification     Social Library Social Library 09/14/2021   070.4cat SHLIB 00000171 09/14/2021 1 09/14/2021 Books like text book referance book General Stacks
    Dewey Decimal Classification     Social Library Social Library 09/14/2021   070.4cat SHLIB 00000172 09/14/2021 2 09/14/2021 Books like text book referance book General Stacks
    Dewey Decimal Classification     Social Library Social Library 09/14/2021   070.4cat SHLIB 00000173 09/14/2021 3 09/14/2021 Books like text book referance book General Stacks
    Dewey Decimal Classification     Social Library Social Library 09/14/2021   070.4cat SHLIB 00000174 09/14/2021 4 09/14/2021 Books like text book referance book General Stacks
    Dewey Decimal Classification     Social Library Social Library 09/14/2021   070.4cat SHLIB 00000175 09/14/2021 5 09/14/2021 Books like text book referance book General Stacks
    Dewey Decimal Classification     Social Library Social Library 09/14/2021   070.4cat SHLIB 00000176 09/14/2021 6 09/14/2021 Books like text book referance book General Stacks
    Dewey Decimal Classification     Social Library Social Library 09/14/2021   070.4cat SHLIB 00000177 09/14/2021 7 09/14/2021 Books like text book referance book General Stacks
    Dewey Decimal Classification     Social Library Social Library 09/14/2021   070.4cat SHLIB 00000178 09/14/2021 9 09/14/2021 Books like text book referance book General Stacks
    Dewey Decimal Classification     Social Library Social Library 09/14/2021   070.4cat SHLIB 00000179 09/14/2021 10 09/14/2021 Books like text book referance book General Stacks